Wszystkie okręgi wyborcze do Sejmu w Polsce - Statystyki

Ogólne statystyki
  • Ten quiz został rozwiązany 2 683 razy
    2 417 od ostatniego zresetowania
  • Średni wynik to 31 z 41
Statystyki odpowiedzi
Nr Siedziba OKW % Poprawnych
19 Warszawa
98%
20 Warszawa
98%
25 Gdańsk
97%
13 Kraków
95%
41 Szczecin
95%
31 Katowice
94%
3 Wrocław
94%
24 Białystok
93%
6 Lublin
92%
39 Poznań
92%
5 Toruń
92%
4 Bydgoszcz
91%
9 Łódź
91%
23 Rzeszów
91%
8 Zielona Góra
90%
35 Olsztyn
89%
33 Kielce
86%
21 Opole
86%
17 Radom
86%
28 Częstochowa
81%
40 Koszalin
73%
16 Płock
72%
15 Tarnów
70%
34 Elbląg
69%
29 Gliwice
69%
1 Legnica
67%
36 Kalisz
65%
27 Bielsko-Biała
64%
2 Wałbrzych
64%
26 Słupsk
63%
32 Sosnowiec
63%
14 Nowy Sącz
61%
38 Piła
61%
37 Konin
60%
10 Piotrków Trybunalski
59%
18 Siedlce
55%
7 Chełm
53%
22 Krosno
48%
30 Rybnik
46%
11 Sieradz
35%
12 Chrzanów
17%
Nie znaleziono quizów pasujących do podanych kryteriów
Rozkład punktacji
Procent ludzi z każdym wynikiem
Percentyl według liczby udzielonych odpowiedzi
Twoja historia wyników
Nie rozwiązałeś tego quizu od ostatniego zresetowania